[Event "jeudes2"]
[Site "http://www.queenalice.com/game.php?id=593569"]
[Date "2009.5.25"]
[Round "-"]
[White "jeudes2"]
[Black "ajj_br"]
[Result "1-0"]
[WhiteElo "1839"]
[BlackElo "1043"]

1. d4 d5 2. c4 c6 3. Nc3 dxc4 4. Nf3 Bf5 5. e4 Bg6 6. Bxc4 Qa5 7. O-O b5 8. Bb3
e6 9. Ne5 Ne7 10. Qf3 Qb4 11. d5 cxd5 12. exd5 Nxd5 13. Nxd5 exd5 14. Bxd5 Bd6
15. Bxf7+ Ke7 16. Bg5+ Kf8 17. Bxg6+ 1-0

[Event "Balancingcolours2"]
[Site "http://www.queenalice.com/game.php?id=594550"]
[Date "2009.5.27"]
[Round "-"]
[White "ClivetheBeard"]
[Black "ajj_br"]
[Result "1-0"]
[WhiteElo "2244"]
[BlackElo "1041"]

1. b4 d5 2. e3 a6 3. Bb2 b5 4. a4 c6 5. axb5 cxb5 6. Bxb5+ Bd7 7. Bxd7+ Qxd7 8.
Qe2 e5 9. Bxe5 Nc6 10. Bc3 Bxb4 11. Bxg7 f6 12. Bxh8 Ba5 13. Nf3 Nb4 14. O-O Bc7
15. c3 Qb5 16. Qxb5+ axb5 17. Rxa8+ Kf7 18. cxb4 Bd6 19. Nc3 Bxb4 20. Nxd5 Be7
21. Rb1 Nh6 22. Rxb5 1-0

[Event "Challenge"]
[Site "http://www.queenalice.com/game.php?id=596987"]
[Date "2009.6.1"]
[Round "-"]
[White "Padre_Amaro"]
[Black "ajj_br"]
[Result "1-0"]
[WhiteElo "1762"]
[BlackElo "1087"]

1. e4 d6 2. d4 d5 3. exd5 Qxd5 4. Nc3 Qe6+ 5. Be2 c6 6. Nf3 Nd7 7. O-O Qg6 8.
Bd3 Qe6 9. Re1 Qd6 10. d5 cxd5 11. Nb5 Qb6 12. Be3 Qc6 13. Nxa7 Qc7 14. Nb5 Qa5
15. Bf4 e5 16. Nxe5 Nxe5 17. Rxe5+ Be6 18. Qe1 Qxe1+ 19. Raxe1 Rxa2 20. Rxd5
Rxb2 21. Nc7+ Ke7 22. Bd6+ Kf6 23. Be5+ Ke7 24. Nxe6 fxe6 25. Bxb2 Kf7 26. Rd7+
Ke8 27. Bb5 Nf6 28. Rxg7+ Kd8 29. Rxb7 Bc5 30. Bxf6+ 1-0

[Event "Challenge"]
[Site "http://www.queenalice.com/game.php?id=598964"]
[Date "2009.6.5"]
[Round "-"]
[White "ClivetheBeard"]
[Black "ajj_br"]
[Result "1-0"]
[WhiteElo "2245"]
[BlackElo "1039"]

1. Nc3 c6 2. f4 d5 3. e3 Nh6 4. Nf3 Bg4 5. h3 Bh5 6. g4 Bg6 7. f5 Nxf5 8. gxf5
Bxf5 9. d3 g6 10. e4 Be6 11. d4 dxe4 12. Nxe4 Na6 13. Neg5 Bg7 14. Nxe6 fxe6 15.
Bc4 c5 16. Bb5+ Kf7 17. Ng5+ Kg8 18. Qf3 h6 19. Qf7# 1-0

[Event "Challenge"]
[Site "http://www.queenalice.com/game.php?id=598965"]
[Date "2009.6.5"]
[Round "-"]
[White "ajj_br"]
[Black "ClivetheBeard"]
[Result "0-1"]
[WhiteElo "1087"]
[BlackElo "2249"]

1. d4 Nf6 2. c4 c5 3. d5 d6 4. Nd2 g6 5. Nb3 Bg7 6. g3 O-O 7. Bg2 Qc7 8. Nh3 e6
9. dxe6 Bxe6 10. Ng5 Bxc4 11. Bh3 Re8 12. e3 Nc6 13. a3 Ne5 14. Bf1 Bd5 15. Bb5
Bxh1 16. Bxe8 Rxe8 17. Kf1 Qc6 18. Na5 Qg2+ 19. Ke1 h6 20. Ne4 Nxe4 21. Nxb7
Qxf2# 0-1

[Event "Challenge"]
[Site "http://www.queenalice.com/game.php?id=600488"]
[Date "2009.6.8"]
[Round "-"]
[White "Kuroi"]
[Black "ajj_br"]
[Result "1-0"]
[WhiteElo "1706"]
[BlackElo "1037"]

1. e4 Nc6 2. d4 e5 3. d5 Bb4+ 4. c3 Ba5 5. dxc6 d6 6. Qd5 Ne7 7. Qxa5 b6 8. Qb4
Nxc6 9. Qc4 Bb7 10. Nf3 Qf6 11. Bg5 Qg6 12. h4 h5 13. Qd5 O-O 14. Bb5 Nd8 15.
Qc4 Bxe4 16. Bxd8 Raxd8 17. Bc6 Qxg2 18. Bxe4 Qxh1+ 19. Ke2 Qxh4 20. Nxh4 1-0

[Event "Challenge"]
[Site "http://www.queenalice.com/game.php?id=600489"]
[Date "2009.6.8"]
[Round "-"]
[White "ajj_br"]
[Black "Kuroi"]
[Result "1-0"]
[WhiteElo "1035"]
[BlackElo "1752"]

1. d4 d5 2. Nc3 Nc6 3. Nf3 Bf5 4. Bf4 Nb4 5. e4 dxe4 6. Nh4 Bg4 7. Be2 Bxe2 8.
Qxe2 Qxd4 9. O-O f5 10. Nxf5 Qb6 11. Qxe4 Nc6 12. b3 Nf6 13. Qd3 Rd8 14. Qe2 e6
15. Nd5 Rxd5 16. Qxe6+ Be7 17. Nxg7+ Kd8 18. Nf5 Nb4 19. Qxe7+ Kc8 20. Be3 Nc6
21. Qxf6 Nd4 22. Qxh8+ Rd8 23. Ne7+ Kd7 24. Qxd4+ Qxd4 25. Bxd4 Kxe7 26. Rfe1+
Kf8 27. Rad1 Ra8 28. Bc5+ Kg8 29. Re7 b6 30. Bd4 c5 31. Be5 h5 32. h4 Kf8 33.
Bf6 a5 34. Rd5 a4 35. Rxh5 axb3 36. Rh8# 1-0

[Event "Challenge"]
[Site "http://www.queenalice.com/game.php?id=601846"]
[Date "2009.6.11"]
[Round "-"]
[White "kly"]
[Black "ajj_br"]
[Result "0-1"]
[WhiteElo "1267"]
[BlackElo "1118"]

1. d4 d5 2. f3 Nc6 3. c3 e5 4. e4 dxe4 5. fxe4 Nf6 6. Bd3 exd4 7. Nf3 dxc3 8.
bxc3 Bd6 9. g3 O-O 10. O-O Bc5+ 11. Kh1 Ng4 12. Qb3 Nf2+ 13. Kg2 Nxd3 14. Bg5
Be7 15. Nbd2 Bxg5 16. h4 Be3 17. Nc4 Nc5 18. Qc2 Be6 19. Nfd2 Bh6 20. Rad1 Bg4
21. Nf3 Qf6 22. Kf2 Bxf3 23. Rde1 Bxe4+ 24. Kg1 Be3+ 25. Rxe3 Qxf1+ 26. Kxf1
Bxc2 27. Re7 Nxe7 28. Ke2 Rfd8 29. g4 Rd3 30. Kf2 Ne4+ 31. Ke2 Nd5 32. Ne5 Re8
33. Nxd3 Ng3+ 34. Kf3 Re3+ 35. Kf2 Bxd3 36. c4 Ne4+ 37. Kg2 Nf4+ 38. Kg1 Re1+
39. Kh2 Re2+ 40. Kg1 Nh3+ 41. Kf1 Ng3# 0-1

[Event "Challenge"]
[Site "http://www.queenalice.com/game.php?id=605684"]
[Date "2009.6.18"]
[Round "-"]
[White "NewKid"]
[Black "ajj_br"]
[Result "1-0"]
[WhiteElo "1886"]
[BlackElo "1104"]

1. e4 e5 2. Nf3 Nc6 3. Bb5 a6 4. Ba4 d5 5. exd5 Qxd5 6. Nc3 Qc4 7. Nxe5 Qe6 8.
O-O Qxe5 9. Re1 Qe7 10. Nd5 Qxe1+ 11. Qxe1+ Kd7 12. Qe4 b5 13. Bb3 Nge7 14. d4
Bb7 15. Bf4 Re8 16. Re1 Nb4 17. Nb6+ Kd8 18. Qxb7 Nbd5 19. Qb8+ Nc8 20. Qxc8#
1-0

[Event "Let's Play Chess!"]
[Site "http://www.queenalice.com/game.php?id=611064"]
[Date "2009.6.30"]
[Round "-"]
[White "rubensar"]
[Black "ajj_br"]
[Result "1-0"]
[WhiteElo "1873"]
[BlackElo "1120"]

1. e4 e5 2. Nf3 Nc6 3. Bc4 h6 4. O-O Nf6 5. Nc3 a6 6. d4 b5 7. Be2 Be7 8. dxe5
Nxe5 9. Nxe5 O-O 10. Ng4 d6 11. Nxf6+ Bxf6 12. Nd5 Be5 13. f4 c6 14. fxe5 cxd5
15. Qxd5 Be6 16. Qxd6 Qa5 17. Qd2 Qb6+ 18. Qe3 Qc7 19. Qg3 Qc5+ 20. Kh1 Qxc2 21.
Bh5 Bc4 22. Bxh6 g6 23. Bxg6 f6 24. Bf5+ Kf7 25. Qg7+ 1-0

[Event "Challenge"]
[Site "http://www.queenalice.com/game.php?id=612106"]
[Date "2009.7.2"]
[Round "-"]
[White "rubensar"]
[Black "ajj_br"]
[Result "1-0"]
[WhiteElo "1875"]
[BlackElo "1158"]

1. e4 Nc6 2. Nf3 d6 3. d4 Qd7 4. Bc4 e5 5. dxe5 dxe5 6. O-O Bc5 7. Nc3 Nf6 8.
Bg5 Ng4 9. h3 Bxf2+ 10. Rxf2 Nxf2 11. Qxd7+ Bxd7 12. Kxf2 O-O 13. Rd1 h6 14.
Rxd7 Rad8 15. Bxd8 Rxd8 16. Rxf7 a6 17. Rxc7+ Kh8 18. Bd5 Nb4 19. Bb3 Rf8 20. a3
Nc6 21. Ke3 b5 22. Rxc6 Rf4 23. Nxe5 Rf1 24. Bf7 Rb1 25. Rc8+ 1-0

[Event "Challenge"]
[Site "http://www.queenalice.com/game.php?id=612917"]
[Date "2009.7.3"]
[Round "-"]
[White "ajj_br"]
[Black "Nica_Pinica"]
[Result "1-0"]
[WhiteElo "1140"]
[BlackElo "1202"]

1. Nf3 Nf6 2. d4 Nc6 3. e3 e6 4. a3 Bd6 5. Bd3 O-O 6. O-O Nh5 7. e4 a6 8. e5 Be7
9. Nc3 b5 10. Ne4 Nf4 11. Bxf4 b4 12. Neg5 bxa3 13. bxa3 d6 14. Bxh7+ Kh8 15.
Nh4 dxe5 16. Qh5 Qxd4 17. Bg6+ Kg8 18. Qh7# 1-0

[Event "Challenge"]
[Site "http://www.queenalice.com/game.php?id=616859"]
[Date "2009.7.11"]
[Round "-"]
[White "ajj_br"]
[Black "rubensar"]
[Result "0-1"]
[WhiteElo "1173"]
[BlackElo "1879"]

1. Nf3 d5 2. Nc3 e6 3. d4 Nf6 4. Ne5 c5 5. e3 cxd4 6. Qxd4 a6 7. Qa4+ Bd7 8.
Nxd7 Nbxd7 9. Bd3 Be7 10. f3 O-O 11. Bd2 Nc5 12. Qd4 Nxd3+ 13. Qxd3 Nh5 14. Qd4
Bh4+ 15. g3 Bf6 16. Qb4 Qc7 17. O-O-O Be7 18. Qg4 Nf6 19. Qf4 Bd6 20. Qg4 Nxg4
21. Rdf1 Ne5 0-1

[Event "Challenge"]
[Site "http://www.queenalice.com/game.php?id=622022"]
[Date "2009.7.20"]
[Round "-"]
[White "rubensar"]
[Black "ajj_br"]
[Result "1-0"]
[WhiteElo "1881"]
[BlackElo "1171"]

1. e4 e5 2. Nf3 Qe7 3. Nc3 Nf6 4. Bc4 Qc5 5. Be2 Ng4 6. O-O Be7 7. Nd5 Bd6 8. d4
Qc6 9. dxe5 Nxe5 10. Nxe5 Bxe5 11. c3 Na6 12. g3 Qg6 13. f4 Bd6 14. Bf3 Bc5+ 15.
Be3 Bxe3+ 16. Nxe3 d6 17. Bg2 Bd7 18. Qd4 O-O 19. e5 c5 20. Qxd6 Qe6 21. Qxe6
Bxe6 22. Bxb7 Bh3 23. Bxa6 Bxf1 24. Kxf1 Rad8 25. Ke2 Rd7 26. Bb5 Rb7 27. c4 a6
28. Bxa6 Rxb2+ 29. Kf3 Rfb8 30. h4 h5 31. Bb5 g6 32. a4 Ra8 33. a5 Kf8 34. a6
Ke7 35. Rd1 f5 36. Rd6 Rd8 37. Nd5+ Kf7 38. Rxd8 Rd2 39. a7 1-0

[Event "Challenge"]
[Site "http://www.queenalice.com/game.php?id=622085"]
[Date "2009.7.20"]
[Round "-"]
[White "Don_Vito"]
[Black "ajj_br"]
[Result "1-0"]
[WhiteElo "1500"]
[BlackElo "1167"]

1. e4 Nc6 2. d4 e6 3. Nf3 Qe7 4. Nc3 d5 5. Bb5 a6 6. Bxc6+ bxc6 7. e5 c5 8. Bg5
f6 9. exf6 gxf6 10. Bh4 c4 11. Ne5 Qg7 12. Qh5+ Ke7 13. Nc6+ Kd7 14. Nb4 Bxb4
15. O-O-O Ne7 16. Ne2 Ng6 17. Bg3 Bd6 18. Bxd6 Kxd6 19. Qf3 Qh6+ 20. Kb1 Ke7 21.
Nc3 Nh4 22. Qe2 Nxg2 23. Nxd5+ Kd7 24. Qf3 c6 25. Nb6+ Ke7 26. Qxc6 Ra7 27.
Nxc8+ Kf7 28. Nxa7 Nf4 29. Qc7+ Kg6 30. Rhg1+ Kf5 31. Rde1 Nd5 32. Re5+ fxe5 33.
Qxe5# 1-0

[Event "Let's Play Chess!"]
[Site "http://www.queenalice.com/game.php?id=622381"]
[Date "2009.7.21"]
[Round "-"]
[White "spin"]
[Black "ajj_br"]
[Result "1-0"]
[WhiteElo "1690"]
[BlackElo "1197"]

1. g3 Nf6 2. Bg2 c6 3. Nh3 d5 4. d4 Qa5+ 5. Bd2 Qb5 6. a4 Qxb2 7. Bc3 Qb6 8. a5
Qb5 9. Na3 Qa4 10. Qd3 e6 11. Nb1 Qc4 12. O-O Qxd3 13. cxd3 Nfd7 14. e4 Nf6 15.
e5 Ng4 16. Ng5 Nh6 17. Nd2 Be7 18. Ndf3 O-O 19. Rab1 Nd7 20. h3 b6 21. Ra1 b5
22. h4 Ba6 23. Rac1 c5 24. Rfe1 c4 25. dxc4 dxc4 26. Bh3 Bb7 27. Re3 a6 28. Ne4
Nf5 29. Bxf5 exf5 30. Nd6 Be4 31. Nxe4 fxe4 32. Rxe4 Nb8 33. d5 Bd8 34. Nd4 g6
35. e6 f5 36. Re5 Be7 37. Nc2 Rd8 38. Bb4 Bf6 39. Re3 Rxd5 40. e7 Re5 41. Rxe5
Nc6 42. e8=Q+ Rxe8 43. Rxe8+ Kf7 44. Rce1 Nxb4 45. Nxb4 c3 46. Nd5 c2 47. Rc8
Bd4 48. Re7# 1-0

[Event "Challenge"]
[Site "http://www.queenalice.com/game.php?id=622868"]
[Date "2009.7.22"]
[Round "-"]
[White "ajj_br"]
[Black "Wettkampf"]
[Result "1-0"]
[WhiteElo "1165"]
[BlackElo "1309"]

1. d4 e6 2. a3 d5 3. Nf3 Nf6 4. c3 Ne4 5. Be3 Nc6 6. Nbd2 f5 7. c4 dxc4 8. Nxc4
Qe7 9. Nfe5 Nxe5 10. Nxe5 Qh4 11. Qa4+ c6 12. g3 Qh5 13. f3 b5 14. Qc2 c5 15.
fxe4 c4 16. Bg2 f4 17. Bxf4 Bd6 18. Ng6 Bxf4 19. Nxh8 Bb7 20. gxf4 O-O-O 21.
O-O-O Rxh8 22. Rd2 Rd8 23. e3 Qg6 24. f5 exf5 25. exf5 Qf6 26. Bxb7+ Kxb7 27.
Qe4+ Kb6 28. Qe5 Rd6 29. Qxf6 Rxf6 30. Rf2 g5 31. e4 Kc6 32. e5 Rf7 33. e6 Rf6
34. e7 Kd7 35. Re1 Ke8 36. Re6 Rxe6 37. fxe6 Kxe7 38. Rf7+ Kxe6 39. Rxh7 a5 40.
Rb7 Kd5 41. Rd7+ Ke4 42. d5 b4 43. axb4 axb4 44. d6 Kd5 45. Rd8 g4 46. d7 Kd6
47. Kd2 c3+ 48. bxc3 bxc3+ 49. Kxc3 Kc7 50. Rg8 Kxd7 51. Rxg4 Ke6 52. Rg1 Kf5
53. Kd3 Kf4 54. Ke2 Ke4 55. h4 Kf4 56. h5 Ke4 57. h6 Kd4 58. h7 Ke4 59. h8=Q Kd5
60. Rg5+ Ke4 61. Qe5# 1-0

[Event "Challenge"]
[Site "http://www.queenalice.com/game.php?id=623297"]
[Date "2009.7.23"]
[Round "-"]
[White "ajj_br"]
[Black "rubensar"]
[Result "0-1"]
[WhiteElo "1169"]
[BlackElo "1883"]

1. d4 Nf6 2. c4 e6 3. d5 d6 4. Nf3 Be7 5. e3 c6 6. Nc3 cxd5 7. cxd5 e5 8. Bb5+
Bd7 9. a4 a6 10. Bxd7+ Nbxd7 11. b4 Rc8 12. Bb2 Qb6 13. b5 O-O 14. O-O Nc5 15.
Re1 Nce4 16. Qc2 Nxc3 17. Bxc3 Qc5 18. Rac1 Nxd5 19. Qb3 Nxc3 20. Ra1 axb5 21.
a5 Qc4 22. Nd2 Qd3 23. Nb1 Ne2+ 0-1

[Event "Challenge"]
[Site "http://www.queenalice.com/game.php?id=624347"]
[Date "2009.7.24"]
[Round "-"]
[White "rubensar"]
[Black "ajj_br"]
[Result "1-0"]
[WhiteElo "1885"]
[BlackElo "1167"]

1. e4 e5 2. Nf3 Nc6 3. Bb5 Qf6 4. Nc3 a6 5. Be2 Qg6 6. O-O Nge7 7. d4 d6 8. Re1
Be6 9. d5 Bh3 10. Nh4 Qf6 11. dxc6 Bc8 12. cxb7 Bxb7 13. Nf3 Ng6 14. Nd5 Qd8 15.
c4 c6 16. Nc3 c5 17. Nd5 Nf4 18. Qa4+ Qd7 19. Qxd7+ Kxd7 20. Bxf4 exf4 21. Nb6+
Kd8 22. Nxa8 Bxa8 23. e5 Be7 24. exd6 Bf6 25. b3 Kd7 26. Rad1 Bc3 27. Rf1 f6 28.
Nd2 Re8 29. Bf3 Bxf3 30. Nxf3 g5 31. Rd3 Bb4 32. h3 h5 33. Rfd1 Re2 34. Nd2 g4
35. Kf1 f3 36. hxg4 hxg4 37. gxf3 gxf3 38. Nxf3 Rxa2 39. Kg2 Ba5 40. Rh1 Bd8 41.
Rh7+ Ke6 42. Rh8 Kd7 43. Rh7+ Ke6 44. d7 Re2 45. Re3+ Rxe3 46. fxe3 a5 47. Kf2
f5 48. Ne1 Ke5 49. Nd3+ Kd6 50. Kf3 Bg5 51. e4 fxe4+ 52. Kxe4 Kc6 53. Ke5 a4 54.
bxa4 Kb6 55. Rg7 Bd8 56. Kd6 Bc7+ 57. Ke7 Kc6 58. Rg6+ Kb7 59. Nxc5+ Kb8 60.
Na6+ Kb7 61. Nxc7 Kxc7 62. d8=Q+ Kb7 63. Qb6+ Kc8 64. Rg8# 1-0

[Event "Challenge"]
[Site "http://www.queenalice.com/game.php?id=631675"]
[Date "2009.8.6"]
[Round "-"]
[White "thedemolisher"]
[Black "ajj_br"]
[Result "0-1"]
[WhiteElo "1022"]
[BlackElo "1195"]

1. e4 Nc6 2. Nf3 d6 3. Be2 e5 4. h3 Nf6 5. d3 Be7 6. Nbd2 O-O 7. O-O Na5 8. c3
c5 9. Re1 b6 10. Nf1 h6 11. Qc2 b5 12. Bd2 Qd7 13. Ng3 Bd8 14. Nh2 c4 15. d4 Nb7
16. Rad1 a5 17. dxe5 dxe5 18. Bxh6 Qc6 19. Bg5 Bb6 20. Bxf6 Qxf6 21. Rf1 Nd6 22.
Nf3 Bb7 23. b3 Rad8 24. Nd2 Qf4 25. bxc4 bxc4 26. Bxc4 Nxc4 27. Nxc4 Rxd1 28.
Qxd1 Bc5 29. Qc2 Ba6 0-1

[Event "Challenge"]
[Site "http://www.queenalice.com/game.php?id=634919"]
[Date "2009.8.12"]
[Round "-"]
[White "Legiao"]
[Black "ajj_br"]
[Result "1-0"]
[WhiteElo "1014"]
[BlackElo "1204"]

1. e4 Nc6 2. Qf3 a6 3. Bc4 Ne5 4. Qf4 Nxc4 5. e5 d5 6. d3 Nb6 7. h4 e6 8. Rh3 d4
9. Rf3 Nh6 10. g4 Nd5 11. Qg3 Bb4+ 12. Kf1 O-O 13. g5 Nf5 14. Qg4 Nfe3+ 15. fxe3
Nxe3+ 16. Rxe3 dxe3 17. Bxe3 a5 18. c3 Qxd3+ 19. Ne2 Qxe3 20. cxb4 a4 21. Nbc3
Bd7 22. Ne4 Bb5 23. Re1 Rfd8 24. g6 fxg6 25. Ng5 Rd2 26. h5 Rad8 27. Rc1 Rd1+
28. Kg2 Bc6+ 29. Kh2 Qf2+ 30. Kh3 R8d3+ 31. Ng3 Rxc1 32. Qxe6+ Kf8 33. Nxh7# 1-0